New approaches to counseling girls in the 1960's; (Record no. 37242)
[ view plain ]
| 000 -LEADER | |
|---|---|
| fixed length control field | 00970cam a22002651 4500 |
| 001 - CONTROL NUMBER | |
| control field | l 66000005 |
| 003 - CONTROL NUMBER IDENTIFIER | |
| control field | DLC |
| 005 - DATE AND TIME OF LATEST TRANSACTION | |
| control field | 20260227111549.0 |
| 008 - FIXED-LENGTH DATA ELEMENTS--GENERAL INFORMATION | |
| fixed length control field | 731102s1965 dcu b f000 0 eng c |
| 010 ## - LIBRARY OF CONGRESS CONTROL NUMBER | |
| LC control number | l 66000005 |
| 035 ## - SYSTEM CONTROL NUMBER | |
| System control number | (OCoLC)733999 |
| 040 ## - CATALOGING SOURCE | |
| Original cataloging agency | U.S. Dept. of Labor. Library |
| Transcribing agency | ODaU |
| Modifying agency | OCoLC |
| -- | DLC |
| 042 ## - AUTHENTICATION CODE | |
| Authentication code | premarc |
| 050 00 - LIBRARY OF CONGRESS CALL NUMBER | |
| Classification number | HD6058 |
| Item number | .N69 |
| 082 ## - DEWEY DECIMAL CLASSIFICATION NUMBER | |
| Classification number | 331.702 |
| 245 00 - TITLE STATEMENT | |
| Title | New approaches to counseling girls in the 1960's; |
| Remainder of title | a report of the Midwest Regional Pilot Conference. |
| 260 ## - PUBLICATION, DISTRIBUTION, ETC. | |
| Place of publication, distribution, etc. | [Washington, |
| Name of publisher, distributor, etc. | U.S. Govt. Print. Off., |
| Date of publication, distribution, etc. | 1965] |
| 300 ## - PHYSICAL DESCRIPTION | |
| Extent | viii, 88 p. |
| Dimensions | 23 cm. |
| 500 ## - GENERAL NOTE | |
| General note | "Cosponsored by: Women's Bureau, U.S. Dept. of Labor [and the] Office of Education, U.S. Dept. of Health, Education, and Welfare." |
| 504 ## - BIBLIOGRAPHY, ETC. NOTE | |
| Bibliography, etc. note | Bibliographical footnotes. |
| 650 #0 - SUBJECT ADDED ENTRY--TOPICAL TERM | |
| Topical term or geographic name entry element | Counseling. |
| 650 #0 - SUBJECT ADDED ENTRY--TOPICAL TERM | |
| Topical term or geographic name entry element | Women |
| General subdivision | Vocational guidance |
| Geographic subdivision | United States. |
| 710 1# - ADDED ENTRY--CORPORATE NAME | |
| Corporate name or jurisdiction name as entry element | United States. |
| Subordinate unit | Women's Bureau. |
| 710 1# - ADDED ENTRY--CORPORATE NAME | |
| Corporate name or jurisdiction name as entry element | United States. |
| Subordinate unit | Office of Education. |
No items available.